000
00277nam a22001217a 4500
008
180215b xxu||||| |||| 00| 0 eng d
041
_a
eng
080
_a
321
100
_a
19
101
_a
SHP
245
_a
The Rise and Fall of the Great Powers
_c
Kennedy, P
942
_2
udc
_c
BK
999
_c
42606
_d
42606